[Event "ODJM A 2022"]
[Site "Willingen GER"]
[Date "2022.06.08"]
[Round "6"]
[White "Stelmaszyk, Nico"]
[Black "Wensing, Maximilian"]
[Result "1/2-1/2"]
[Termination "normal"]
[Board "1"]
[WhiteTitle "FM"]
[WhiteElo "2302"]
[BlackElo "2063"]
[WhiteClock "00:11:47"]
[BlackClock "00:19:27"]
[PlyCount "102"]
[WhiteFideId "16200462"]
[BlackFideId "16222415"]
[EventCountry "GER"]
[EventRounds "9"]
[EventType "swiss"]
[EventDate "2022.06.04"]

1. e4 {[%clk 1:30:58]} c5 {[%clk 1:30:51]} 2. c3 {[%clk 1:31:24]} Nf6 {[%clk
1:30:19]} 3. e5 {[%clk 1:31:49]} Nd5 {[%clk 1:30:44]} 4. Bc4 {[%clk 1:32:14]}
Nb6 {[%clk 1:30:54]} 5. Bb3 {[%clk 1:32:40]} Nc6 {[%clk 1:31:02]} 6. d4 {[%clk
1:33:08]} cxd4 {[%clk 1:31:03]} 7. cxd4 {[%clk 1:33:33]} d5 {[%clk 1:26:08]} 8.
Bc2 {[%clk 1:33:30]} Nb4 {[%clk 1:23:12]} 9. Nc3 {[%clk 1:33:55]} Nxc2+ {[%clk
1:22:45]} 10. Qxc2 {[%clk 1:34:19]} a6 {[%clk 1:21:45]} 11. f4 {[%clk 1:29:37]}
g6 {[%clk 1:18:57]} 12. h3 {[%clk 1:29:18]} h5 {[%clk 1:17:02]} 13. Nf3 {[%clk
1:28:38]} Bf5 {[%clk 1:15:46]} 14. Qe2 {[%clk 1:23:37]} e6 {[%clk 1:13:50]} 15.
O-O {[%clk 1:19:02]} Rc8 {[%clk 1:11:50]} 16. Be3 {[%clk 1:15:17]} Be7 {[%clk
1:04:07]} 17. Ng5 {[%clk 0:55:23]} h4 {[%clk 0:52:48]} 18. Rac1 {[%clk
0:44:34]} Kf8 {[%clk 0:51:02]} 19. Nf3 {[%clk 0:40:01]} Kg7 {[%clk 0:48:10]}
20. Bf2 {[%clk 0:39:45]} Qd7 {[%clk 0:44:01]} 21. b3 {[%clk 0:36:28]} Rc6
{[%clk 0:39:04]} 22. Qe3 {[%clk 0:31:03]} Qc7 {[%clk 0:35:24]} 23. Ne2 {[%clk
0:30:31]} Nd7 {[%clk 0:32:22]} 24. Rxc6 {[%clk 0:18:48]} Qxc6 {[%clk 0:32:48]}
25. Rc1 {[%clk 0:18:05]} Qb6 {[%clk 0:29:02]} 26. Nc3 {[%clk 0:16:54]} Ba3
{[%clk 0:25:22]} 27. Rf1 {[%clk 0:16:43]} Qd8 {[%clk 0:25:44]} 28. Na4 {[%clk
0:11:32]} Be7 {[%clk 0:21:53]} 29. Rc1 {[%clk 0:10:59]} Ba3 {[%clk 0:22:10]}
30. Rf1 {[%clk 0:11:25]} Be7 {[%clk 0:22:26]} 31. Qc3 {[%clk 0:11:31]} Be4
{[%clk 0:18:39]} 32. Nd2 {[%clk 0:11:30]} Bf5 {[%clk 0:19:09]} 33. Nf3 {[%clk
0:11:53]} Be4 {[%clk 0:19:33]} 34. Nd2 {[%clk 0:12:20]} Bf5 {[%clk 0:20:00]}
35. Nc5 {[%clk 0:08:49]} Nxc5 {[%clk 0:19:19]} 36. dxc5 {[%clk 0:09:14]} Qd7
{[%clk 0:17:06]} 37. Nf3 {[%clk 0:07:45]} Be4 {[%clk 0:17:13]} 38. Nd4 {[%clk
0:07:45]} Rc8 {[%clk 0:11:56]} 39. b4 {[%clk 0:07:09]} Qa4 {[%clk 0:12:22]} 40.
Qb3 {[%clk 0:03:07]} Qxb3 {[%clk 0:11:07]} 41. Nxb3 {[%clk 0:03:23]} g5 {[%clk
0:08:16]} 42. Be3 {[%clk 0:01:14]} gxf4 {[%clk 0:28:54]} 43. Rxf4 {[%clk
0:25:09]} f5 {[%clk 0:22:42]} 44. Na5 {[%clk 0:23:15]} d4 {[%clk 0:20:36]} 45.
Bxd4 {[%clk 0:22:06]} Rd8 {[%clk 0:20:02]} 46. Be3 {[%clk 0:16:21]} Rd3 {[%clk
0:20:01]} 47. Kf2 {[%clk 0:15:12]} Bd5 {[%clk 0:19:07]} 48. Rd4 {[%clk
0:15:05]} Ra3 {[%clk 0:19:32]} 49. Rd2 {[%clk 0:12:53]} Ra4 {[%clk 0:19:46]}
50. Rb2 {[%clk 0:12:05]} Bd8 {[%clk 0:19:51]} 51. Bd2 {[%clk 0:11:47]} Bxa5
{[%clk 0:19:27]} 1/2-1/2

[Event "ODJM A 2022"]
[Site "Willingen GER"]
[Date "2022.06.08"]
[Round "6"]
[White "Meiwes, Thore"]
[Black "Kardoeus, David"]
[Result "1-0"]
[Termination "normal"]
[Board "2"]
[WhiteElo "2079"]
[BlackElo "2142"]
[WhiteClock "00:42:28"]
[BlackClock "00:05:21"]
[PlyCount "121"]
[WhiteFideId "16201256"]
[BlackFideId "12912050"]
[EventCountry "GER"]
[EventRounds "9"]
[EventType "swiss"]
[EventDate "2022.06.04"]

1. d4 {[%clk 1:30:57]} Nf6 {[%clk 1:29:41]} 2. Bf4 {[%clk 1:31:18]} d5 {[%clk
1:29:42]} 3. e3 {[%clk 1:31:41]} c5 {[%clk 1:29:34]} 4. c3 {[%clk 1:32:03]} Nc6
{[%clk 1:29:41]} 5. Nd2 {[%clk 1:32:25]} e6 {[%clk 1:29:57]} 6. Ngf3 {[%clk
1:32:44]} cxd4 {[%clk 1:30:07]} 7. exd4 {[%clk 1:33:04]} Nh5 {[%clk 1:30:28]}
8. Be3 {[%clk 1:33:31]} Bd6 {[%clk 1:30:40]} 9. Ne5 {[%clk 1:33:47]} g6 {[%clk
1:31:01]} 10. Nd3 {[%clk 1:34:12]} O-O {[%clk 1:22:54]} 11. g3 {[%clk 1:34:36]}
f6 {[%clk 1:21:47]} 12. Bg2 {[%clk 1:34:55]} Ng7 {[%clk 1:18:39]} 13. O-O
{[%clk 1:34:54]} Nf5 {[%clk 1:17:51]} 14. Bf4 {[%clk 1:35:09]} b6 {[%clk
1:15:01]} 15. Re1 {[%clk 1:32:18]} Bxf4 {[%clk 1:01:25]} 16. Nxf4 {[%clk
1:32:32]} Qd6 {[%clk 1:00:37]} 17. Rc1 {[%clk 1:31:13]} Bd7 {[%clk 0:57:46]}
18. Nb3 {[%clk 1:25:50]} Rac8 {[%clk 0:42:27]} 19. c4 {[%clk 1:18:47]} dxc4
{[%clk 0:38:23]} 20. d5 {[%clk 1:14:44]} Nce7 {[%clk 0:32:23]} 21. Nd2 {[%clk
1:04:46]} e5 {[%clk 0:29:49]} 22. Ne4 {[%clk 0:57:30]} Qb8 {[%clk 0:23:52]} 23.
d6 {[%clk 0:57:15]} Nc6 {[%clk 0:24:05]} 24. Nd5 {[%clk 0:57:06]} Kg7 {[%clk
0:23:17]} 25. Ne7 {[%clk 0:50:16]} Ncd4 {[%clk 0:21:39]} 26. Nxc8 {[%clk
0:49:29]} Rxc8 {[%clk 0:20:52]} 27. f4 {[%clk 0:41:49]} b5 {[%clk 0:12:27]} 28.
Nxf6 {[%clk 0:34:35]} Kxf6 {[%clk 0:08:08]} 29. fxe5+ {[%clk 0:35:02]} Ke6
{[%clk 0:02:21]} 30. g4 {[%clk 0:35:04]} Qb6 {[%clk 0:01:34]} 31. gxf5+ {[%clk
0:35:11]} gxf5 {[%clk 0:01:04]} 32. Kf1 {[%clk 0:33:30]} Rg8 {[%clk 0:00:39]}
33. Rc3 {[%clk 0:30:40]} Rg4 {[%clk 0:01:00]} 34. Qd2 {[%clk 0:29:42]} Bc6
{[%clk 0:01:12]} 35. Rg3 {[%clk 0:27:40]} Rxg3 {[%clk 0:00:35]} 36. hxg3 {[%clk
0:28:00]} Bxg2+ {[%clk 0:00:34]} 37. Qxg2 {[%clk 0:28:06]} Nc6 {[%clk 0:00:34]}
38. Qe2 {[%clk 0:27:20]} Qb7 {[%clk 0:00:37]} 39. Qf3 {[%clk 0:26:17]} Qb6
{[%clk 0:00:35]} 40. Qe3 {[%clk 0:26:02]} Qxe3 {[%clk 0:00:32]} 41. Rxe3 {[%clk
0:26:26]} b4 {[%clk 0:27:39]} 42. Ke2 {[%clk 0:54:57]} a5 {[%clk 0:19:39]} 43.
Kf2 {[%clk 0:50:34]} Nd4 {[%clk 0:13:16]} 44. Re1 {[%clk 0:49:28]} a4 {[%clk
0:07:55]} 45. Rc1 {[%clk 0:47:30]} Nc6 {[%clk 0:04:36]} 46. Rxc4 {[%clk
0:46:26]} Nxe5 {[%clk 0:04:21]} 47. Rd4 {[%clk 0:46:41]} Kd7 {[%clk 0:04:37]}
48. Ke3 {[%clk 0:46:00]} Nc6 {[%clk 0:05:00]} 49. Rd1 {[%clk 0:45:50]} Ne5
{[%clk 0:05:23]} 50. Kf4 {[%clk 0:44:21]} Nc4 {[%clk 0:05:13]} 51. b3 {[%clk
0:44:33]} axb3 {[%clk 0:05:32]} 52. axb3 {[%clk 0:44:55]} Na5 {[%clk 0:05:40]}
53. Rd3 {[%clk 0:44:56]} Nb7 {[%clk 0:06:03]} 54. Kxf5 {[%clk 0:43:02]} Nc5
{[%clk 0:06:27]} 55. Rd4 {[%clk 0:42:31]} Nxb3 {[%clk 0:06:31]} 56. Rxb4 {[%clk
0:42:54]} Nc5 {[%clk 0:06:44]} 57. Rd4 {[%clk 0:43:03]} Ne6 {[%clk 0:06:53]}
58. Rd1 {[%clk 0:43:19]} Ng7+ {[%clk 0:07:15]} 59. Kg5 {[%clk 0:43:33]} Ke8
{[%clk 0:04:53]} 60. d7+ {[%clk 0:43:08]} Kd8 {[%clk 0:05:21]} 61. Rd6 {[%clk
0:42:28]} 1-0

[Event "ODJM A 2022"]
[Site "Willingen GER"]
[Date "2022.06.08"]
[Round "6"]
[White "Gallasch, Jonas"]
[Black "Panjer, Sidney"]
[Result "1/2-1/2"]
[Termination "normal"]
[Board "3"]
[WhiteElo "2060"]
[BlackElo "2043"]
[WhiteClock "00:31:50"]
[BlackClock "00:21:03"]
[PlyCount "53"]
[WhiteFideId "16222474"]
[BlackFideId "16207041"]
[EventCountry "GER"]
[EventRounds "9"]
[EventType "swiss"]
[EventDate "2022.06.04"]

1. d4 {[%clk 1:30:57]} Nf6 {[%clk 1:30:56]} 2. c4 {[%clk 1:31:20]} e6 {[%clk
1:31:23]} 3. Nf3 {[%clk 1:31:45]} d5 {[%clk 1:31:48]} 4. Nc3 {[%clk 1:32:11]}
Nbd7 {[%clk 1:32:13]} 5. cxd5 {[%clk 1:32:35]} exd5 {[%clk 1:32:41]} 6. Bg5
{[%clk 1:32:58]} c6 {[%clk 1:33:05]} 7. e3 {[%clk 1:33:23]} Be7 {[%clk
1:33:29]} 8. Qc2 {[%clk 1:33:49]} Nh5 {[%clk 1:33:53]} 9. Bxe7 {[%clk 1:34:15]}
Qxe7 {[%clk 1:34:20]} 10. O-O-O {[%clk 1:34:38]} Nb6 {[%clk 1:33:52]} 11. h3
{[%clk 1:34:28]} g6 {[%clk 1:32:57]} 12. Bd3 {[%clk 1:34:51]} Be6 {[%clk
1:32:18]} 13. Kb1 {[%clk 1:35:12]} O-O-O {[%clk 1:31:38]} 14. Na4 {[%clk
1:34:47]} Nxa4 {[%clk 1:30:17]} 15. Qxa4 {[%clk 1:35:10]} Kb8 {[%clk 1:30:23]}
16. Rc1 {[%clk 1:35:27]} Ng7 {[%clk 1:28:29]} 17. g4 {[%clk 1:32:29]} h5 {[%clk
1:27:52]} 18. Ne5 {[%clk 1:32:38]} Rc8 {[%clk 1:24:12]} 19. Rhf1 {[%clk
1:17:07]} Ne8 {[%clk 1:04:59]} 20. Rc3 {[%clk 1:14:45]} Nd6 {[%clk 0:38:31]}
21. Rfc1 {[%clk 1:10:40]} Nc4 {[%clk 0:27:55]} 22. Nxc4 {[%clk 1:02:33]} dxc4
{[%clk 0:28:04]} 23. Bxc4 {[%clk 1:02:38]} hxg4 {[%clk 0:26:07]} 24. Bxe6
{[%clk 0:49:00]} Qxe6 {[%clk 0:24:52]} 25. hxg4 {[%clk 0:48:07]} Qxg4 {[%clk
0:24:26]} 26. Ra3 {[%clk 0:39:54]} a6 {[%clk 0:21:03]} 27. Qd1 {[%clk 0:31:50]}
1/2-1/2

[Event "ODJM A 2022"]
[Site "Willingen GER"]
[Date "2022.06.08"]
[Round "6"]
[White "Struck, Lasse"]
[Black "Brinkmann, Fabian"]
[Result "1/2-1/2"]
[Termination "normal"]
[Board "4"]
[WhiteElo "1847"]
[BlackElo "2126"]
[WhiteClock "00:21:51"]
[BlackClock "00:26:23"]
[PlyCount "41"]
[WhiteFideId "16255623"]
[BlackFideId "24661414"]
[EventCountry "GER"]
[EventRounds "9"]
[EventType "swiss"]
[EventDate "2022.06.04"]

1. d4 {[%clk 1:30:55]} d5 {[%clk 1:30:41]} 2. c4 {[%clk 1:31:17]} c6 {[%clk
1:31:06]} 3. cxd5 {[%clk 1:31:37]} cxd5 {[%clk 1:31:31]} 4. Nc3 {[%clk
1:31:53]} Nf6 {[%clk 1:31:49]} 5. Bf4 {[%clk 1:32:00]} e6 {[%clk 1:32:07]} 6.
e3 {[%clk 1:31:35]} Be7 {[%clk 1:32:27]} 7. Bd3 {[%clk 1:29:02]} Bd7 {[%clk
1:31:43]} 8. h3 {[%clk 1:25:06]} O-O {[%clk 1:31:48]} 9. Nf3 {[%clk 1:25:08]}
Qb6 {[%clk 1:31:45]} 10. Qe2 {[%clk 1:23:34]} Rc8 {[%clk 1:31:27]} 11. O-O
{[%clk 1:23:06]} Qd8 {[%clk 1:30:24]} 12. Ne5 {[%clk 1:18:31]} Be8 {[%clk
1:26:24]} 13. Rfc1 {[%clk 1:08:14]} Nc6 {[%clk 1:22:24]} 14. Qd1 {[%clk
1:01:31]} Na5 {[%clk 1:17:43]} 15. Be2 {[%clk 0:53:41]} Ne4 {[%clk 1:03:05]}
16. Nxe4 {[%clk 0:42:08]} dxe4 {[%clk 1:02:43]} 17. Nc4 {[%clk 0:38:17]} Nxc4
{[%clk 0:41:08]} 18. Bxc4 {[%clk 0:38:25]} Bc6 {[%clk 0:34:57]} 19. Be5 {[%clk
0:31:09]} Qd7 {[%clk 0:33:12]} 20. Bb3 {[%clk 0:27:27]} Bf8 {[%clk 0:26:23]}
21. Rc2 {[%clk 0:21:51]} 1/2-1/2

[Event "ODJM A 2022"]
[Site "Willingen GER"]
[Date "2022.06.08"]
[Round "6"]
[White "Schimnatkowski, Lukas"]
[Black "Sabirov, Ramil"]
[Result "1-0"]
[Termination "normal"]
[Board "6"]
[WhiteElo "2206"]
[BlackElo "2124"]
[WhiteClock "00:09:58"]
[BlackClock "00:04:17"]
[PlyCount "111"]
[WhiteFideId "12936723"]
[BlackFideId "12900303"]
[EventCountry "GER"]
[EventRounds "9"]
[EventType "swiss"]
[EventDate "2022.06.04"]

1. e4 {[%clk 1:30:57]} c5 {[%clk 1:30:56]} 2. Nc3 {[%clk 1:31:20]} e6 {[%clk
1:31:07]} 3. f4 {[%clk 1:31:10]} d5 {[%clk 1:31:18]} 4. Nf3 {[%clk 1:31:33]} a6
{[%clk 1:30:42]} 5. d3 {[%clk 1:27:14]} b5 {[%clk 1:29:03]} 6. e5 {[%clk
1:18:11]} h5 {[%clk 1:25:38]} 7. g3 {[%clk 1:16:06]} Nh6 {[%clk 1:22:24]} 8.
Bg2 {[%clk 1:15:39]} Nf5 {[%clk 1:21:49]} 9. O-O {[%clk 1:13:43]} Bb7 {[%clk
1:20:53]} 10. Qe1 {[%clk 1:10:33]} Nc6 {[%clk 1:18:56]} 11. a4 {[%clk 1:09:04]}
Qb6 {[%clk 1:11:26]} 12. axb5 {[%clk 1:04:35]} axb5 {[%clk 1:11:52]} 13. Rxa8+
{[%clk 1:04:53]} Bxa8 {[%clk 1:12:18]} 14. Qf2 {[%clk 0:51:39]} Ncd4 {[%clk
0:58:41]} 15. Nxd4 {[%clk 0:36:55]} cxd4 {[%clk 0:58:48]} 16. Nd1 {[%clk
0:36:36]} Kd7 {[%clk 0:45:48]} 17. Bh3 {[%clk 0:29:57]} g6 {[%clk 0:43:22]} 18.
Qe2 {[%clk 0:28:05]} Be7 {[%clk 0:41:22]} 19. Bxf5 {[%clk 0:26:14]} exf5 {[%clk
0:33:35]} 20. Nf2 {[%clk 0:25:06]} Rc8 {[%clk 0:31:16]} 21. Nh3 {[%clk
0:25:05]} b4 {[%clk 0:28:18]} 22. b3 {[%clk 0:23:58]} Qc7 {[%clk 0:20:36]} 23.
Rf2 {[%clk 0:18:22]} Qc3 {[%clk 0:13:09]} 24. Kg2 {[%clk 0:13:29]} Rc6 {[%clk
0:13:10]} 25. Ng1 {[%clk 0:12:30]} Bb7 {[%clk 0:12:23]} 26. Nf3 {[%clk
0:11:40]} Ba6 {[%clk 0:11:04]} 27. Ne1 {[%clk 0:10:20]} Kc7 {[%clk 0:10:40]}
28. Bd2 {[%clk 0:08:53]} Qc5 {[%clk 0:09:21]} 29. Qf3 {[%clk 0:08:31]} Bc8
{[%clk 0:09:23]} 30. Qd1 {[%clk 0:05:54]} Qa7 {[%clk 0:07:48]} 31. Nf3 {[%clk
0:05:54]} Be6 {[%clk 0:07:01]} 32. Re2 {[%clk 0:03:37]} Ra6 {[%clk 0:07:18]}
33. Re1 {[%clk 0:03:37]} Ra2 {[%clk 0:07:20]} 34. Qb1 {[%clk 0:03:36]} Bc5
{[%clk 0:07:35]} 35. Rd1 {[%clk 0:02:12]} Qa3 {[%clk 0:07:47]} 36. Bc1 {[%clk
0:02:02]} Qa7 {[%clk 0:08:11]} 37. Bb2 {[%clk 0:02:21]} Ra6 {[%clk 0:08:05]}
38. Qc1 {[%clk 0:02:20]} Ra2 {[%clk 0:08:31]} 39. Qb1 {[%clk 0:02:45]} Ra6
{[%clk 0:08:57]} 40. h4 {[%clk 0:01:18]} Ra5 {[%clk 0:08:26]} 41. Rd2 {[%clk
0:00:59]} Ra2 {[%clk 0:28:42]} 42. Re2 {[%clk 0:25:37]} Kb7 {[%clk 0:28:12]}
43. Kf2 {[%clk 0:25:38]} Kc8 {[%clk 0:27:03]} 44. Ke1 {[%clk 0:25:32]} Kb7
{[%clk 0:13:23]} 45. Kd2 {[%clk 0:25:29]} Kc8 {[%clk 0:13:44]} 46. Re1 {[%clk
0:25:28]} Ra6 {[%clk 0:13:43]} 47. Qd1 {[%clk 0:20:39]} Rc6 {[%clk 0:11:56]}
48. Re2 {[%clk 0:19:04]} Ra6 {[%clk 0:04:46]} 49. Qg1 {[%clk 0:17:29]} Ra2
{[%clk 0:05:11]} 50. Bxd4 {[%clk 0:16:29]} Qa3 {[%clk 0:05:33]} 51. Bxc5 {[%clk
0:13:01]} Qxb3 {[%clk 0:04:09]} 52. Ke3 {[%clk 0:12:30]} d4+ {[%clk 0:03:43]}
53. Nxd4 {[%clk 0:11:05]} Qc3 {[%clk 0:04:05]} 54. Nxe6 {[%clk 0:10:44]} fxe6
{[%clk 0:04:31]} 55. Bd4 {[%clk 0:11:00]} Qa3 {[%clk 0:04:17]} 56. Qb1 {[%clk
0:09:58]} 1-0

[Event "ODJM A 2022"]
[Site "Willingen GER"]
[Date "2022.06.08"]
[Round "6"]
[White "Irkilmez, Yakub"]
[Black "Terhuven, Patrick"]
[Result "0-1"]
[Termination "normal"]
[Board "7"]
[WhiteElo "2169"]
[BlackElo "2175"]
[WhiteClock "00:21:06"]
[BlackClock "00:16:28"]
[PlyCount "68"]
[WhiteFideId "16204581"]
[BlackFideId "12919098"]
[EventCountry "GER"]
[EventRounds "9"]
[EventType "swiss"]
[EventDate "2022.06.04"]

1. d4 {[%clk 1:30:57]} Nf6 {[%clk 1:30:51]} 2. c4 {[%clk 1:31:22]} e6 {[%clk
1:31:10]} 3. Nf3 {[%clk 1:31:42]} d5 {[%clk 1:31:33]} 4. g3 {[%clk 1:32:07]}
Bb4+ {[%clk 1:31:55]} 5. Bd2 {[%clk 1:32:31]} Be7 {[%clk 1:32:20]} 6. Bg2
{[%clk 1:32:56]} O-O {[%clk 1:32:43]} 7. Qc2 {[%clk 1:33:17]} Nbd7 {[%clk
1:32:21]} 8. h4 c6 {[%clk 1:29:25]} 9. Nc3 {[%clk 1:30:11]} dxc4 {[%clk
1:25:28]} 10. Rd1 {[%clk 1:30:05]} b5 {[%clk 1:23:04]} 11. Ne5 {[%clk 1:29:32]}
Nxe5 {[%clk 1:22:42]} 12. dxe5 {[%clk 1:29:43]} Nd5 {[%clk 1:22:50]} 13. Ne4
{[%clk 1:30:00]} Bb7 {[%clk 1:18:57]} 14. Ng5 {[%clk 1:20:49]} g6 {[%clk
1:18:00]} 15. Nxh7 {[%clk 1:00:42]} Kxh7 {[%clk 1:17:24]} 16. h5 {[%clk
1:01:06]} Rh8 {[%clk 1:11:43]} 17. Be4 {[%clk 0:41:14]} Qg8 {[%clk 1:01:43]}
18. Qc1 {[%clk 0:39:21]} Kg7 {[%clk 0:58:16]} 19. Bg5 {[%clk 0:30:32]} Bxg5
{[%clk 0:55:10]} 20. Qxg5 {[%clk 0:30:56]} Qd8 {[%clk 0:50:03]} 21. Qg4 {[%clk
0:31:08]} Rh6 {[%clk 0:39:31]} 22. Rh3 {[%clk 0:30:23]} Qe7 {[%clk 0:37:59]}
23. hxg6 {[%clk 0:29:57]} f5 {[%clk 0:27:14]} 24. Rxh6 {[%clk 0:22:27]} Qb4+
{[%clk 0:26:40]} 25. Kf1 {[%clk 0:22:42]} fxg4 {[%clk 0:26:55]} 26. Rh7+ {[%clk
0:23:07]} Kg8 {[%clk 0:24:32]} 27. Rxb7 {[%clk 0:20:40]} Qxb2 {[%clk 0:23:20]}
28. g7 {[%clk 0:19:47]} Qxe5 {[%clk 0:23:03]} 29. Bc2 {[%clk 0:20:04]} Re8
{[%clk 0:17:53]} 30. Kg2 {[%clk 0:19:43]} Qxe2 {[%clk 0:15:19]} 31. Bh7+ {[%clk
0:19:56]} Kxh7 {[%clk 0:15:40]} 32. Rh1+ {[%clk 0:20:22]} Kg6 {[%clk 0:15:52]}
33. Rh8 {[%clk 0:20:45]} Ne3+ {[%clk 0:16:07]} 34. Kh1 {[%clk 0:21:06]} Qf1+
{[%clk 0:16:28]} 0-1

[Event "ODJM A 2022"]
[Site "Willingen GER"]
[Date "2022.06.08"]
[Round "6"]
[White "Garbuz, Vitaly"]
[Black "Brunner, Tobias"]
[Result "1/2-1/2"]
[Termination "normal"]
[Board "8"]
[WhiteElo "2134"]
[BlackElo "2007"]
[WhiteClock "00:37:43"]
[BlackClock "00:49:16"]
[PlyCount "48"]
[WhiteFideId "12990710"]
[BlackFideId "12949833"]
[EventCountry "GER"]
[EventRounds "9"]
[EventType "swiss"]
[EventDate "2022.06.04"]

1. e4 {[%clk 1:30:57]} d5 {[%clk 1:30:53]} 2. exd5 {[%clk 1:31:22]} Qxd5 {[%clk
1:31:18]} 3. Nc3 {[%clk 1:31:47]} Qd6 {[%clk 1:31:37]} 4. d4 {[%clk 1:32:10]}
Nf6 {[%clk 1:31:59]} 5. Bc4 {[%clk 1:30:30]} Bg4 {[%clk 1:28:20]} 6. f3 {[%clk
1:27:27]} Bf5 {[%clk 1:26:17]} 7. Nge2 {[%clk 1:27:42]} e6 {[%clk 1:25:43]} 8.
O-O {[%clk 1:26:52]} c6 {[%clk 1:26:05]} 9. Ng3 {[%clk 1:25:22]} Be7 {[%clk
1:20:38]} 10. Nxf5 {[%clk 1:25:35]} exf5 {[%clk 1:21:03]} 11. Kh1 {[%clk
1:01:42]} O-O {[%clk 1:17:51]} 12. Qd3 {[%clk 1:00:13]} g6 {[%clk 1:13:43]} 13.
a4 {[%clk 0:58:04]} Rd8 {[%clk 1:08:02]} 14. Ne2 {[%clk 0:55:23]} Nd5 {[%clk
1:02:22]} 15. a5 {[%clk 0:53:11]} Nd7 {[%clk 1:00:36]} 16. Qb3 {[%clk 0:52:36]}
N7f6 {[%clk 0:57:48]} 17. Bg5 {[%clk 0:52:21]} Rd7 {[%clk 0:53:36]} 18. Nc1
{[%clk 0:48:14]} Ng4 {[%clk 0:48:50]} 19. fxg4 {[%clk 0:47:36]} Bxg5 {[%clk
0:49:14]} 20. Bxd5 {[%clk 0:41:39]} Qxd5 {[%clk 0:48:36]} 21. gxf5 {[%clk
0:38:23]} Bxc1 {[%clk 0:48:32]} 22. Qxd5 {[%clk 0:37:55]} Rxd5 {[%clk 0:48:54]}
23. Raxc1 {[%clk 0:38:16]} Rxa5 {[%clk 0:48:54]} 24. fxg6 {[%clk 0:37:43]} hxg6
{[%clk 0:49:16]} 1/2-1/2

[Event "ODJM A 2022"]
[Site "Willingen GER"]
[Date "2022.06.08"]
[Round "6"]
[White "Köhler, Lukas"]
[Black "François, Yannick"]
[Result "1/2-1/2"]
[Termination "normal"]
[Board "9"]
[WhiteElo "2099"]
[BlackElo "1867"]
[WhiteClock "00:21:02"]
[BlackClock "00:41:29"]
[PlyCount "81"]
[WhiteFideId "16221990"]
[BlackFideId "16200918"]
[EventCountry "GER"]
[EventRounds "9"]
[EventType "swiss"]
[EventDate "2022.06.04"]

1. d4 {[%clk 1:30:56]} Nf6 {[%clk 1:30:54]} 2. c4 {[%clk 1:31:16]} e6 {[%clk
1:31:17]} 3. Nc3 {[%clk 1:31:38]} d5 {[%clk 1:31:35]} 4. cxd5 {[%clk 1:31:56]}
exd5 {[%clk 1:31:56]} 5. Bg5 {[%clk 1:32:21]} Be7 {[%clk 1:32:11]} 6. e3 {[%clk
1:32:45]} O-O {[%clk 1:32:19]} 7. Bd3 {[%clk 1:33:09]} c6 {[%clk 1:32:29]} 8.
Nge2 {[%clk 1:33:20]} Re8 {[%clk 1:32:39]} 9. O-O {[%clk 1:33:27]} Nbd7 {[%clk
1:32:53]} 10. Qc2 {[%clk 1:32:44]} h6 {[%clk 1:33:05]} 11. Bh4 {[%clk 1:33:05]}
Ne4 {[%clk 1:33:01]} 12. Bxe7 {[%clk 1:32:54]} Qxe7 {[%clk 1:33:23]} 13. Bxe4
{[%clk 1:32:13]} dxe4 {[%clk 1:32:44]} 14. d5 {[%clk 1:30:54]} Nf6 {[%clk
1:28:42]} 15. Rfd1 {[%clk 1:02:23]} cxd5 {[%clk 1:27:30]} 16. Nxd5 {[%clk
1:01:53]} Nxd5 {[%clk 1:27:52]} 17. Rxd5 {[%clk 1:02:16]} b6 {[%clk 1:24:13]}
18. Qa4 {[%clk 0:56:18]} Be6 {[%clk 1:22:24]} 19. Rd4 {[%clk 0:52:41]} f5
{[%clk 1:21:08]} 20. h3 {[%clk 0:50:31]} Red8 {[%clk 1:19:56]} 21. Rad1 {[%clk
0:48:39]} Rxd4 {[%clk 1:19:33]} 22. Rxd4 {[%clk 0:47:06]} Rd8 {[%clk 1:19:01]}
23. a3 {[%clk 0:35:35]} Rxd4 {[%clk 1:15:33]} 24. Nxd4 {[%clk 0:34:11]} Qd7
{[%clk 1:15:43]} 25. Qb4 {[%clk 0:30:37]} Kf7 {[%clk 1:15:02]} 26. Qc3 {[%clk
0:29:48]} Bd5 {[%clk 1:09:56]} 27. a4 {[%clk 0:24:07]} Ke7 {[%clk 1:01:52]} 28.
a5 {[%clk 0:17:42]} g6 {[%clk 0:55:43]} 29. axb6 {[%clk 0:15:34]} axb6 {[%clk
0:56:06]} 30. Ne2 {[%clk 0:13:30]} h5 {[%clk 0:50:52]} 31. Qe5+ {[%clk
0:02:42]} Kf7 {[%clk 0:45:02]} 32. Qh8 {[%clk 0:02:18]} Qe8 {[%clk 0:43:37]}
33. Qh7+ {[%clk 0:02:22]} Kf6 {[%clk 0:43:58]} 34. Qc7 {[%clk 0:01:46]} Qc6
{[%clk 0:43:17]} 35. Qd8+ {[%clk 0:02:09]} Kg7 {[%clk 0:43:40]} 36. Nc3 {[%clk
0:01:27]} Bf7 {[%clk 0:43:28]} 37. Qd4+ {[%clk 0:01:27]} Kg8 {[%clk 0:43:00]}
38. Qd8+ {[%clk 0:01:43]} Kg7 {[%clk 0:43:21]} 39. Qd4+ {[%clk 0:01:53]} Kg8
{[%clk 0:43:46]} 40. Qe5 {[%clk 0:00:51]} Qe6 {[%clk 0:41:29]} 41. Qb8+ {[%clk
0:21:02]} 1/2-1/2

[Event "ODJM A 2022"]
[Site "Willingen GER"]
[Date "2022.06.08"]
[Round "6"]
[White "Reimer, Philip"]
[Black "Kracht, Raphael"]
[Result "1/2-1/2"]
[Termination "normal"]
[Board "10"]
[WhiteElo "1977"]
[BlackElo "2086"]
[WhiteClock "00:25:28"]
[BlackClock "00:51:44"]
[PlyCount "65"]
[WhiteFideId "16235860"]
[BlackFideId "16214382"]
[EventCountry "GER"]
[EventRounds "9"]
[EventType "swiss"]
[EventDate "2022.06.04"]

1. e4 {[%clk 1:30:57]} e5 {[%clk 1:30:31]} 2. Nf3 {[%clk 1:31:21]} Nc6 {[%clk
1:29:24]} 3. Bc4 {[%clk 1:31:44]} Bc5 {[%clk 1:29:50]} 4. c3 {[%clk 1:32:09]}
Nf6 {[%clk 1:30:16]} 5. d4 {[%clk 1:32:33]} exd4 {[%clk 1:30:43]} 6. e5 {[%clk
1:32:57]} d5 {[%clk 1:31:10]} 7. Bb5 {[%clk 1:33:22]} Ne4 {[%clk 1:31:36]} 8.
cxd4 {[%clk 1:33:45]} Bb6 {[%clk 1:31:58]} 9. Nc3 {[%clk 1:33:50]} O-O {[%clk
1:32:14]} 10. Be3 {[%clk 1:34:12]} Bg4 {[%clk 1:32:39]} 11. h3 {[%clk 1:34:25]}
Bh5 {[%clk 1:33:06]} 12. Qc2 {[%clk 1:34:44]} Ba5 {[%clk 1:33:32]} 13. O-O
{[%clk 1:32:58]} Bxc3 {[%clk 1:21:36]} 14. bxc3 {[%clk 1:29:04]} Ne7 {[%clk
1:21:49]} 15. Bd3 {[%clk 1:22:54]} Bg6 {[%clk 1:21:45]} 16. Nh4 {[%clk
1:20:02]} c5 {[%clk 1:14:39]} 17. Nxg6 {[%clk 1:13:56]} hxg6 {[%clk 1:15:03]}
18. Bxe4 {[%clk 1:12:49]} dxe4 {[%clk 1:15:26]} 19. Qxe4 {[%clk 1:13:03]} cxd4
{[%clk 1:14:26]} 20. cxd4 {[%clk 1:12:35]} Qd5 {[%clk 1:13:11]} 21. Qxd5 {[%clk
1:10:37]} Nxd5 {[%clk 1:13:23]} 22. Rab1 {[%clk 1:08:19]} b6 {[%clk 1:13:45]}
23. Rfc1 {[%clk 1:07:32]} Rfc8 {[%clk 1:14:04]} 24. Rxc8+ {[%clk 1:06:15]} Rxc8
{[%clk 1:11:32]} 25. Rb5 {[%clk 0:53:15]} Nxe3 {[%clk 0:58:41]} 26. fxe3 {[%clk
0:53:33]} Rc1+ {[%clk 0:54:54]} 27. Kh2 {[%clk 0:33:49]} Rc3 {[%clk 0:52:47]}
28. a4 {[%clk 0:27:16]} Rxe3 {[%clk 0:53:08]} 29. a5 {[%clk 0:27:29]} Rd3
{[%clk 0:51:06]} 30. axb6 {[%clk 0:27:00]} axb6 {[%clk 0:51:31]} 31. Rxb6
{[%clk 0:26:14]} Rxd4 {[%clk 0:51:56]} 32. e6 {[%clk 0:26:26]} Rd8 {[%clk
0:51:44]} 33. exf7+ {[%clk 0:25:28]} 1/2-1/2